ბათუმის შოთა რუსთაველის სახელმწიფო უნივერსიტეტის ბიბლიოთეკა

Экология популяций и сообществ. (ბიბ.ჩანაწერი № 35219)

000 -LEADER
fixed length control field 00608nam a2200229Ia 4500
001 - CONTROL NUMBER
control field 1065
003 - CONTROL NUMBER IDENTIFIER
control field GE_BSU
008 - FIXED-LENGTH DATA ELEMENTS--GENERAL INFORMATION
fixed length control field 181216s||||||||xx |||||||||||||| ||und||
020 ## - INTERNATIONAL STANDARD BOOK NUMBER
International Standard Book Number 5769529628
040 ## - CATALOGING SOURCE
Transcribing agency GE_BSU
080 ## - UNIVERSAL DECIMAL CLASSIFICATION NUMBER
Universal Decimal Classification number 574.3(075.8)
100 ## - MAIN ENTRY--PERSONAL NAME
Personal name Ручин,А.Б.
245 ## - TITLE STATEMENT
Title Экология популяций и сообществ.
245 ## - TITLE STATEMENT
Remainder of title Учебник. для студ.по специальн.,,Биоэколоия
260 ## - PUBLICATION, DISTRIBUTION, ETC.
Place of publication, distribution, etc. Москва
260 ## - PUBLICATION, DISTRIBUTION, ETC.
Name of publisher, distributor, etc. Акдемия
260 ## - PUBLICATION, DISTRIBUTION, ETC.
Date of publication, distribution, etc. 2006
300 ## - PHYSICAL DESCRIPTION
Extent 350 с.
653 ## - INDEX TERM--UNCONTROLLED
Uncontrolled term Экология
942 ## - ADDED ENTRY ELEMENTS (KOHA)
Koha item type წიგნი
ეგზემპლარები
Withdrawn status Lost status Damaged status Not for loan Date acquired Barcode Date last seen Price effective from Koha item type Public note
        2018-12-17 2401 2018-12-17 2018-12-17 წიგნი დარბაზი
        2018-12-17 2402 2018-12-17 2018-12-17 წიგნი დარბაზი
        2018-12-17 2403 2018-12-17 2018-12-17 წიგნი საცავი
        2018-12-17 2404 2018-12-17 2018-12-17 წიგნი საცავი
        2018-12-17 2405 2018-12-17 2018-12-17 წიგნი საცავი